A breviary of alchemy, or, A commentary upon Sir George Ripley's recapitulation : being a paraphrastical epitome of his twelve gates /

Bibliographic Details
Main Author: Philalethes, Eirenaeus
Format: Microform Book
Language:English
Series:Early English books, 1641-1700 ; 42:5.
Subjects:

MARC

Tag First Indicator Second Indicator Subfields
LEADER 00000cam a2200000 a 4500
001 in00000956921
005 20150927070745.0
007 hd afv|||baca
008 850419s1678 miu a 00010 eng d
035 |a (OCoLC)11943306 
035 |9 AEU7655AM 
037 |a CL0037000001  |b UMI 
037 |b University Microfilms International, 300 N. Zeeb Rd., Ann Arbor, MI 48106 
040 |a EAA  |c EAA  |d m/c  |d UtOrBLW 
049 |a TXAI 
099 |a film   |a  B   |a  3609 
100 1 |a Philalethes, Eirenaeus. 
245 1 2 |a A breviary of alchemy, or, A commentary upon Sir George Ripley's recapitulation :  |b being a paraphrastical epitome of his twelve gates /  |c written by Æyrenæus Philalethes ... 
264 3 |a London :  |b Printed for William Cooper ...,  |c 1678. 
300 |a 2 unnumbered pages, 28 pages 
336 |a text  |b txt  |2 rdacontent 
337 |a microform  |b h  |2 rdamedia 
338 |a microfilm reel  |b hd  |2 rdacarrier 
500 |a Reproduction of original in British Library. 
510 4 |a Wing  |c S5271 
533 |a Microfilm.  |b Ann Arbor, Mich. :  |c University Microfilms,  |d 1961.  |e 1 microfilm reel ; 35 mm.  |f (Early English books, 1641-1700 ; 42:5) 
500 |a Microform. 
600 1 0 |a Ripley, George,  |d -1490? 
650 0 |a Alchemy. 
740 2 |a A commentary upon Sir George Ripley's recapitulation. 
740 2 |a A breviary of alchemy. 
830 0 |a Early English books, 1641-1700 ;  |v 42:5. 
999 |a MARS 
999 f f |s 84f6ca01-f7ee-387f-8883-8ade985fe00b  |i 5b8e8ce1-a04d-3832-88bf-1adff55ef330  |t 0 
952 f f |p default  |a Texas A&M University  |b College Station  |c Sterling C. Evans Library  |d Evans: Microforms (3rd floor)  |t 0  |e film B 3609 42:5  |h Other scheme  |i microform -- microfilm reel 
998 f f |a film B 3609 42:5  |t 0  |l Evans: Microforms (3rd floor)